| 000 | 00451cam a22001934a 4500 | ||
|---|---|---|---|
| 005 | 20250605164159.0 | ||
| 008 | 250528s ||||||||||||||||||||||||d | ||
| 035 | _a19729 | ||
| 020 | _a415124492 | ||
| 040 |
_aGR-AtMCL _bgre _dGR-AtMCL _eAACR2 |
||
| 245 | 1 | _aCURRENT ISSUES IN BUSINESS ETHICS | |
| 250 | _a15 | ||
| 260 |
_bRouledge, _c2016 |
||
| 300 | _a204 | ||
| 700 | 1 |
_aDavies Peter _95933 |
|
| 942 | _cBK | ||
| 999 |
_c4985 _d4985 |
||